<?xml version="1.0" encoding="UTF-8"?>
<collection xmlns="http://www.loc.gov/MARC21/slim">
 <record>
  <leader>01887nam a2200253 a 4500</leader>
  <controlfield tag="001">1/42056</controlfield>
  <controlfield tag="008">120117s2011    gr       bm   00110 gre d</controlfield>
  <datafield tag="035" ind1=" " ind2=" ">
   <subfield code="l">44855</subfield>
  </datafield>
  <datafield tag="040" ind1=" " ind2=" ">
   <subfield code="a">GR-PeUP</subfield>
  </datafield>
  <datafield tag="082" ind1="0" ind2="0">
   <subfield code="a">368.0021 ΓΙΑ</subfield>
  </datafield>
  <datafield tag="100" ind1="1" ind2=" ">
   <subfield code="a">Γιαννόπουλος, Κωνσταντίνος Δ.</subfield>
  </datafield>
  <datafield tag="245" ind1="1" ind2="0">
   <subfield code="a">Μακροοικονομικά θέματα συστημάτων συντάξεων και γήρανση του πληθυσμού. Σε ποιο βαθμό και με ποιους τρόπους θα συνείσφερε μια μετατόπιση του από το αμιγώς κρατικό προς μεικτά συστήματα την μακροοικονομική πρόκληση της γήρανσης του πληθυσμού σε χώρες της Ευρώπης. Α) προβολές δαπανών. Β) ευρωπαϊκή και διεθνής διάσταση /</subfield>
   <subfield code="c">Γιαννόπουλος Δ. Κων/νος.</subfield>
  </datafield>
  <datafield tag="260" ind1=" " ind2=" ">
   <subfield code="a">Πειραιάς :</subfield>
   <subfield code="b">[χ.ό.],</subfield>
   <subfield code="c">2011.</subfield>
  </datafield>
  <datafield tag="300" ind1=" " ind2=" ">
   <subfield code="a">117 σ. :</subfield>
   <subfield code="b">εικ., πίν., διαγρ.;</subfield>
   <subfield code="c">30 εκ. +</subfield>
   <subfield code="e">1 οπτικό δίσκο Η/Υ.</subfield>
  </datafield>
  <datafield tag="502" ind1=" " ind2=" ">
   <subfield code="a">Διατριβή (Δ.Ε.)--Πανεπιστήμιο Πειραιώς, 2011.</subfield>
  </datafield>
  <datafield tag="504" ind1=" " ind2=" ">
   <subfield code="a">Περιέχει βιβλιογραφία.</subfield>
  </datafield>
  <datafield tag="650" ind1=" " ind2="4">
   <subfield code="a">Διατριβές.</subfield>
  </datafield>
  <datafield tag="650" ind1=" " ind2="4">
   <subfield code="a">Ηλικιωμένοι</subfield>
   <subfield code="x">Κοινωνικές συνθήκες.</subfield>
  </datafield>
  <datafield tag="650" ind1=" " ind2="4">
   <subfield code="a">Συντάξεις.</subfield>
  </datafield>
  <datafield tag="650" ind1=" " ind2="4">
   <subfield code="a">Ασφάλιση, Κοινωνική</subfield>
   <subfield code="x">Στατιστική.</subfield>
  </datafield>
  <datafield tag="650" ind1=" " ind2="4">
   <subfield code="a">Πληθυσμός.</subfield>
  </datafield>
  <datafield tag="710" ind1="2" ind2=" ">
   <subfield code="a">Πανεπιστήμιο Πειραιώς. Τμήμα Στατιστικής και Ασφαλιστικής Επιστήμης.</subfield>
  </datafield>
  <datafield tag="852" ind1=" " ind2=" ">
   <subfield code="a">INST</subfield>
   <subfield code="b">UNIPILB</subfield>
   <subfield code="c">DISS</subfield>
   <subfield code="e">20120119</subfield>
   <subfield code="h">368.0021 ΓΙΑ</subfield>
   <subfield code="p">00164467</subfield>
   <subfield code="q">00164467</subfield>
   <subfield code="t">NOLOAN</subfield>
   <subfield code="y">23</subfield>
   <subfield code="4">1</subfield>
  </datafield>
  <datafield tag="856" ind1="4" ind2="1">
   <subfield code="u">http://digilib.lib.unipi.gr/dspace/handle/unipi/4462</subfield>
  </datafield>
 </record>
</collection>
